Social conflicts in the Roman Republic (Record no. 13267)
[ view plain ]
| 000 -LEADER | |
|---|---|
| fixed length control field | 00409 a2200133 4500 |
| 245 ## - TITLE STATEMENT | |
| Title | Social conflicts in the Roman Republic |
| Medium | |
| 020 ## - INTERNATIONAL STANDARD BOOK NUMBER | |
| International Standard Book Number | 0393043355 |
| 260 ## - PUBLICATION, DISTRIBUTION, ETC. | |
| Place of publication, distribution, etc. | nyu |
| Name of publisher, distributor, etc. | Norton |
| Date of publication, distribution, etc. | [1972, c1971] |
| 084 ## - | |
| -- | HN10.R7 B7 1972 |
| 300 ## - PHYSICAL DESCRIPTION | |
| Extent | 164 p. illus. 21 cm. |
| Other physical details | 164 p. illus. 21 cm. |
| Dimensions | 164 p. illus. 21 cm. |
| 500 ## - GENERAL NOTE | |
| General note | [by] P. A. Brunt. |
| 490 ## - SERIES STATEMENT | |
| Series statement | Ancient culture and society |
No items available.